Encuesta (Record no. 189810)
[ view plain ]
| 000 -LEADER | |
|---|---|
| campo de control de longitud fija | 00813nam a2200217 i 4500 |
| 001 - NÚMERO DE CONTROL | |
| campo de control | 189810 |
| 003 - IDENTIFICADOR DE NÚMERO DE CONTROL | |
| campo de control | ES-MaACL |
| 005 - FECHA Y HORA DE LA ÚLTIMA TRANSACCIÓN | |
| campo de control | 20251215190934.0 |
| 008 - DATOS DE LONGITUD FIJA--INFORMACIÓN GENERAL | |
| campo de control de longitud fija | 191128s1966 sp |||| | spa d |
| 100 1# - ENTRADA PRINCIPAL--NOMBRE DE PERSONA | |
| Nombre de persona | Epstein, Edward Jay ( |
| Fechas asociadas al nombre | 1935-) |
| 9 (RLIN) | 168919 |
| 245 10 - MENCIÓN DEL TÍTULO | |
| Título | Encuesta |
| Resto del título | : la comisión Warren y el establecimiento de la verdad / Edward Jay Epstein ; prólogo de Richard H. Rovere. |
| 260 ## - PUBLICACIÓN, DISTRIBUCIÓN, ETC. | |
| Lugar de publicación, distribución, etc. | Barcelona : |
| Nombre del editor, distribuidor, etc. | Dima, |
| Fecha de publicación, distribución, etc. | 1966. |
| 300 ## - DESCRIPCIÓN FÍSICA | |
| Extensión | 193 p. : |
| Otras características físicas | il. ; |
| Dimensiones | 23 cm. |
| 490 1# - MENCIÓN DE SERIE | |
| Mención de serie | Colección "Nuestros días" ; |
| Designación de volumen o secuencia | 2 |
| 600 17 - PUNTO DE ACCESO ADICIONAL DE MATERIA--NOMBRE DE PERSONA | |
| Nombre de persona | Kennedy, John F., |
| Fechas asociadas al nombre | 1917-1963- |
| Subdivisión general | Asesinato |
| Fuente del encabezamiento o término | |
| 9 (RLIN) | 160812 |
| 610 17 - PUNTO DE ACCESO ADICIONAL DE MATERIA--NOMBRE DE ENTIDAD CORPORATIVA | |
| Nombre de entidad corporativa o nombre de jurisdicción como elemento de entrada | Estados Unidos. |
| Unidad subordinada | Warren Commission |
| Fuente del encabezamiento o término | |
| 9 (RLIN) | 163582 |
| 700 1# - ENTRADA AGREGADA--NOMBRE PERSONAL | |
| Nombre de persona | Rovere, Richard H. |
| 9 (RLIN) | 168920 |
| 830 0# - PUNTO DE ACCESO ADICIONAL DE SERIE-TÍTULO UNIFORME | |
| Título uniforme | Colección "Nuestros días" ; |
| Designación de volumen o secuencia | 2 |
| 9 (RLIN) | 193408 |
| 852 ## - LOCALIZACIÓN | |
| Ubicación | ES-MaACL |
| Número de control de estantería | P-1091-2 |
| Estatus retirado | Estado de pérdida | Estado de daño | No para préstamo | Biblioteca de origen | Biblioteca actual | Ubicación en estantería | Fecha de adquisición | Fuente de adquisición | Total de préstamos | Signatura topográfica completa | Código de barras | Visto por última vez | Precio de reemplazo | Tipo de ítem Koha |
|---|---|---|---|---|---|---|---|---|---|---|---|---|---|---|
| Biblioteca del Ateneo de Madrid | Biblioteca del Ateneo de Madrid | Depósito 2 | 28/11/2019 | P-1091-2 | 1201322 | 23/02/2023 | 23/02/2023 | Libro impreso |
